Curso sobre bombas y estaciones de bombeo : anuncio del curso
Đã lưu trong:
| Nhiều tác giả của công ty: | , |
|---|---|
| Định dạng: | Sách |
| Ngôn ngữ: | Spanish |
| Được phát hành: |
San José, Costa Rica : La Universidad,
1966.
|
| Những chủ đề: | |
| Các nhãn: |
Thêm thẻ
Không có thẻ, Là người đầu tiên thẻ bản ghi này!
|
MARC
| LEADER | 00000nam a2200000Ia 4500 | ||
|---|---|---|---|
| 003 | 003318 | ||
| 005 | 20221231143950.0 | ||
| 008 | 140114s1966 cr a 000 ||spa d | ||
| 040 | |c cru CEDI | ||
| 082 | |a 621.52 U58c | ||
| 110 | |9 21676 |a Universidad de Costa Rica.. Facultad de Ingeniería | ||
| 245 | |a Curso sobre bombas y estaciones de bombeo : anuncio del curso | ||
| 260 | |a San José, Costa Rica : La Universidad, |c 1966. | ||
| 300 | |a 7[5] páginas ; 28 cms | ||
| 500 | |a A la cabeza de la portada. Escuela de Ingenieria de la Universidad de Costa Rica, Servicio Nacional de Acueductos y Alcantarillado, Organizacion Panamericana de la Salud. | ||
| 650 | |x BOMBAS HIDRAULICAS - PLANES DE ESTUDIO |9 21677 | ||
| 710 | |9 21350 |a Organización Panamericana de la Salud | ||
| 942 | |2 ddc |c BK | ||
| 999 | |c 14907 |d 14907 | ||
